Persidangan di Vienna

Bibliographic Details
Main Author: Junaidah Salehudin
Format: Book
Published: Shah Alam : Eagle publication sdn.bhd. , 2007
Series:Siri bahaya dadah
Subjects:

MARC

LEADER 00000cam a2200000 7i4500
001 0000061321
005 20160314.0
008 160314
020 |a 9789833537358 
090 0 0 |a 362.29   |b JUN 
100 1 |a Junaidah Salehudin 
245 1 2 |a Persidangan di Vienna   |c Junaidah Salehudin;Maruwiah Ahmat;Rosnani Rifin 
260 |a Shah Alam :   |b Eagle publication sdn.bhd. ,   |c 2007 
490 1 |a Siri bahaya dadah 
650 0 |a Drug abuse--juvenile literature 
650 0 |a Drug abuse--prevention--juvenile literature 
999 |a 0001074479   |b Book   |c Adult Collection   |e Cawangan Pontian 
999 |a 0001134739   |b Book   |c Adult Collection   |e Cawangan Tangkak 
999 |a 0001134740   |b Book   |c Adult Collection   |e Cawangan Pontian 
999 |a 0001134741   |b Book   |c Adult Collection   |e Cawangan Mersing 
999 |a 0001134773   |b Book   |c Adult Collection   |e Cawangan Pontian